[Event "Mittelfranken-chTB2a 1314"]
[Site "Mittelfranken"]
[Date "2014.01.26"]
[Round "5.3"]
[White "Zimmermann, Arnulf"]
[Black "Koerber, Christian"]
[Result "1-0"]
[WhiteElo "1905"]
[BlackElo "1671"]
[PlyCount "31"]
[EventDate "2013.10.20"]
[EventType "team-tourn"]
[EventRounds "9"]
[EventCountry "GER"]
[SourceTitle "EXT 2020"]
[Source "ChessBase"]
[SourceDate "2019.10.17"]
[SourceVersion "1"]
[SourceVersionDate "2019.10.17"]
[SourceQuality "1"]
[WhiteTeam "Bechhofen II"]
[BlackTeam "Fuerth SF II"]
[WhiteTeamCountry "GER"]
[BlackTeamCountry "GER"]

1. e4 b6 2. d4 Bb7 3. Nc3 e6 4. Bd3 c5 5. Nf3 cxd4 6. Nxd4 Nc6 7. Nb3 Bb4 8. Bd2 Ne5 9. Be2 Qc7 10. Nb5 Bxd2+ 11. Qxd2 Qc6 12. N3d4 Qc5 13. b4 Qf8 14. Nc7+ Ke7 15. Nxa8 Qxa8 16. Qg5+ 1-0

[Event "Regionalliga NO 1112"]
[Site "Bayern"]
[Date "2012.03.18"]
[Round "8.7"]
[White "Walter, Thomas"]
[Black "Zimmermann, Arnulf"]
[Result "1-0"]
[WhiteElo "2045"]
[BlackElo "1921"]
[PlyCount "27"]
[EventDate "2011.10.02"]
[EventType "team-tourn"]
[EventRounds "9"]
[EventCountry "GER"]
[SourceTitle "EXT 2015"]
[Source "ChessBase"]
[SourceDate "2014.11.20"]
[SourceVersion "1"]
[SourceVersionDate "2014.11.20"]
[SourceQuality "1"]
[WhiteTeam "Erlangen"]
[BlackTeam "Bechhofen"]
[WhiteTeamCountry "GER"]
[BlackTeamCountry "GER"]

1. e4 d6 2. d4 Nf6 3. Nc3 g6 4. f4 Bg7 5. Nf3 0-0 6. e5 Nfd7 7. h4 c5 8. h5 cxd4 9. hxg6 Nxe5 10. fxe5 dxc3 11. gxf7+ Rxf7 12. Bc4 e6 13. Qd3 Rf5 14. Qxf5 1-0

[Event "Regionalliga NO 1112"]
[Site "Bayern"]
[Date "2011.12.11"]
[Round "4.6"]
[White "Paar, Johannes"]
[Black "Zimmermann, Arnulf"]
[Result "1/2-1/2"]
[WhiteElo "1903"]
[BlackElo "1921"]
[PlyCount "82"]
[EventDate "2011.10.02"]
[EventType "team-tourn"]
[EventRounds "9"]
[EventCountry "GER"]
[SourceTitle "EXT 2013"]
[Source "ChessBase"]
[SourceDate "2012.11.22"]
[SourceVersion "1"]
[SourceVersionDate "2012.11.22"]
[SourceQuality "1"]
[WhiteTeam "Schwandorf"]
[BlackTeam "Bechhofen"]
[WhiteTeamCountry "GER"]
[BlackTeamCountry "GER"]

1. c4 Nf6 2. Nf3 e6 3. g3 Be7 4. Bg2 0-0 5. 0-0 d5 6. b3 d4 7. Bb2 c5 8. b4 a5 9. bxc5 Bxc5 10. Na3 Nc6 11. Nb5 e5 12. d3 Bf5 13. Rb1 Qd7 14. Ba3 b6 15. Bxc5 bxc5 16. Qa4 Rac8 17. Qa3 e4 18. Nh4 Be6 19. Qxc5 Rfd8 20. dxe4 Nb4 21. Qg5 h6 22. Qd2 Bxc4 23. a4 Qg4 24. f3 Qe6 25. Rfe1 Qb6 26. Kh1 d3 27. exd3 Bxd3 28. Rbc1 Rxc1 29. Qxc1 Bxb5 30. axb5 Nd3 31. Qe3 Qxb5 32. Rf1 Nb4 33. Nf5 Kh7 34. h4 Rd2 35. Bh3 Rc2 36. e5 Nfd5 37. Qe4 g6 38. Nd6 Qd3 39. Qxd3 Nxd3 40. Ra1 Nxe5 41. Bg2 Nc4 1/2-1/2